Human reproduction / (Record no. 357901)
[ view plain ]
| 000 -LEADER | |
|---|---|
| fixed length control field | 00499nam a2200145Ia 4500 |
| 008 - FIXED-LENGTH DATA ELEMENTS--GENERAL INFORMATION | |
| fixed length control field | 180523s9999 xx 000 0 und d |
| 020 ## - INTERNATIONAL STANDARD BOOK NUMBER | |
| International Standard Book Number | 9789719809890 |
| 100 ## - MAIN ENTRY--PERSONAL NAME | |
| Personal name | Alora, Rosario Angeles T. |
| 245 ## - TITLE STATEMENT | |
| Statement of responsibility, etc | Rosario Angeles T. Alora, Josephine M. Lumitao. |
| Title | Human reproduction / |
| 260 ## - PUBLICATION, DISTRIBUTION, ETC. (IMPRINT) | |
| Place of publication, distribution, etc | Quezon City : |
| Name of publisher, distributor, etc | C & E Publishing |
| Date of publication, distribution, etc | 2018 |
| 300 ## - PHYSICAL DESCRIPTION | |
| Extent | ix, 228 pages : |
| Other physical details | illustrations ; |
| Dimensions | cm. |
| 500 ## - GENERAL NOTE | |
| General note | Includes bibliography and index. |
| 650 ## - SUBJECT ADDED ENTRY--TOPICAL TERM | |
| Topical term or geographic name as entry element | Human reproduction. |
| 650 ## - SUBJECT ADDED ENTRY--TOPICAL TERM | |
| Topical term or geographic name as entry element | Reproductive system. |
| Withdrawn status | Lost status | Damaged status | Home library | Current library | Shelving location | Date acquired | Source of acquisition | Total Checkouts | Full call number | Barcode | Date last seen | Price effective from | Koha item type |
|---|---|---|---|---|---|---|---|---|---|---|---|---|---|
| College Library | College Library | Filipiniana Section | 05/23/2018 | QP 251 .A46 2018 | C21518 | 05/23/2018 | 05/23/2018 | Books |